[Event "Sommerskak"]
[Site "Aarhus"]
[Date "1998.07.08"]
[Round "3"]
[White "Hoiberg, Erling"]
[Black "Rendboe, John Filip"]
[Result "0-1"]
[WhiteElo "2170"]
[BlackElo "2320"]
[PlyCount "68"]
[EventDate "1998.??.??"]
[EventType "tourn"]
[EventRounds "7"]
[EventCountry "DEN"]
[SourceTitle "EXT 1999"]
[Source "ChessBase"]
[SourceDate "1998.11.10"]

1. d4 d5 2. Bf4 Nf6 3. e3 c5 4. c3 Qb6 5. Qb3 c4 6. Qc2 g6 7. Nd2 Bf5 8. Qc1
Bg7 9. b3 cxb3 10. axb3 O-O 11. h3 Nc6 12. Ngf3 Rac8 13. Qa3 Rfe8 14. Rc1 Ne4
15. Nxe4 Bxe4 16. Nd2 Bf5 17. g4 Bd7 18. Be2 e5 19. dxe5 Nxe5 20. Kf1 Bb5 21.
Bxe5 Bxe2+ 22. Kxe2 Bxe5 23. Qa4 Re7 24. Qb4 Qa6+ 25. c4 Rec7 26. Rhd1 Qf6 27.
Nf3 dxc4 28. bxc4 Qe6 29. Qa5 Rxc4 30. Rd8+ Rxd8 31. Qxd8+ Kg7 32. Ng5 Qa6 33.
Rxc4 Qxc4+ 34. Kf3 Bf6 0-1

[Event "Sommerskak"]
[Site "Aarhus"]
[Date "1998.07.10"]
[Round "5"]
[White "Hoiberg, Erling"]
[Black "Kastberg, Andreas"]
[Result "1-0"]
[WhiteElo "2170"]
[BlackElo "2100"]
[PlyCount "59"]
[EventDate "1998.??.??"]
[EventType "tourn"]
[EventRounds "7"]
[EventCountry "DEN"]
[SourceTitle "EXT 1999"]
[Source "ChessBase"]
[SourceDate "1998.11.10"]

1. d4 Nf6 2. Nf3 g6 3. Bg5 Bg7 4. Nbd2 O-O 5. c3 d6 6. e4 Nc6 7. Be2 e5 8. dxe5
dxe5 9. Qc2 Qe7 10. Nc4 h6 11. Bh4 g5 12. Bg3 Nxe4 13. Qxe4 f5 14. Qd5+ Be6 15.
Qb5 f4 16. Qxb7 e4 17. Qxc6 exf3 18. gxf3 Rad8 19. Qe4 fxg3 20. hxg3 Qf7 21.
Ne3 Rfe8 22. Bd3 Rxd3 23. Qxd3 Bc4 24. Qd1 Qf6 25. Qa4 Bf7 26. O-O-O Rb8 27.
Ng4 Qxf3 28. Nxh6+ Kf8 29. Qa3+ Ke8 30. Rhe1+ 1-0

[Event "Sommerskak"]
[Site "Aarhus"]
[Date "1998.07.12"]
[Round "7"]
[White "Hoiberg, Erling"]
[Black "Johansen, Morten"]
[Result "0-1"]
[WhiteElo "2170"]
[BlackElo "2305"]
[PlyCount "144"]
[EventDate "1998.??.??"]
[EventType "tourn"]
[EventRounds "7"]
[EventCountry "DEN"]
[SourceTitle "EXT 1999"]
[Source "ChessBase"]
[SourceDate "1998.11.10"]

1. d4 d5 2. Bf4 c6 3. c3 Nf6 4. Nf3 g6 5. e3 Bg7 6. Bd3 O-O 7. Nbd2 Nbd7 8. h3
b6 9. Ne5 Bb7 10. Qf3 c5 11. g4 Nxe5 12. Bxe5 Nd7 13. Bxg7 Kxg7 14. O-O-O e5
15. Bb5 cxd4 16. exd4 exd4 17. cxd4 a6 18. Ba4 b5 19. Bb3 a5 20. Rhe1 Nb6 21.
Qe2 b4 22. Qe5+ Qf6 23. g5 Qxe5 24. Rxe5 Rac8+ 25. Kb1 f6 26. Re7+ Rf7 27.
Rxf7+ Kxf7 28. Ne4 Rd8 29. Nxf6 a4 30. Bc2 h6 31. h4 hxg5 32. hxg5 Rh8 33. Ng4
Nc4 34. Bxa4 Rh5 35. f4 Bc8 36. Nf6 Rh2 37. Nxd5 Bf5+ 38. Ka1 Nxb2 39. Rc1 Nxa4
40. Nxb4 Be4 41. a3 Rh1 42. Rxh1 Bxh1 43. Ka2 Nc3+ 44. Kb3 Ne2 45. d5 Nxf4 46.
Kc4 Ke7 47. Kc5 Kd7 48. a4 Be4 49. Nc6 Nxd5 50. Ne5+ Ke6 51. Nxg6 Bxg6 52. a5
Nc7 53. Kb6 Na8+ 54. Ka7 Be4 55. a6 Kf5 56. g6 Kxg6 57. Kb8 Kf6 58. Ka7 Ke7 59.
Kb8 Kd7 60. Ka7 Bc6 61. Kb8 Nc7 62. Ka7 Nd5 63. Kb8 Ke8 64. Ka7 Ke7 65. Kb8 Kd7
66. Ka7 Kd6 67. Kb8 Nc7 68. Ka7 Kc5 69. Kb8 Kb6 70. a7 Bb7 71. a8=Q Bxa8 72.
Kc8 Bc6 0-1

[Event "Sommerskak"]
[Site "Aarhus"]
[Date "1998.07.08"]
[Round "3"]
[White "Johansen, Morten"]
[Black "Kastberg, Andreas"]
[Result "1-0"]
[WhiteElo "2305"]
[BlackElo "2100"]
[PlyCount "79"]
[EventDate "1998.??.??"]
[EventType "tourn"]
[EventRounds "7"]
[EventCountry "DEN"]
[SourceTitle "EXT 1999"]
[Source "ChessBase"]
[SourceDate "1998.11.10"]

1. d4 g6 2. c4 Bg7 3. e4 d6 4. Nc3 Nc6 5. Be3 e5 6. d5 Nce7 7. g4 Nf6 8. f3 h5
9. g5 Nd7 10. Qd2 O-O 11. O-O-O a6 12. Kb1 Rb8 13. Nh3 Kh7 14. Ka1 Ng8 15. Be2
Qe7 16. Nf2 Rd8 17. Nd3 Nc5 18. b4 Nxd3 19. Qxd3 a5 20. a3 axb4 21. axb4 Bd7
22. Kb2 Ra8 23. Ra1 f6 24. Qd2 Rf8 25. c5 fxg5 26. cxd6 cxd6 27. Bxg5 Qf7 28.
Qe3 Bh6 29. Rxa8 Rxa8 30. Bxh6 Nxh6 31. Nb5 Bxb5 32. Bxb5 Nf5 33. exf5 Qxd5 34.
fxg6+ Kg7 35. Qb3 Qd4+ 36. Kc2 Qf2+ 37. Kb1 Qd4 38. Qb2 Qe3 39. Rc1 Qxf3 40.
Qc3 1-0

[Event "Sommerskak"]
[Site "Aarhus"]
[Date "1998.07.10"]
[Round "5"]
[White "Johansen, Morten"]
[Black "Steffensen, Torben"]
[Result "1/2-1/2"]
[WhiteElo "2305"]
[BlackElo "2150"]
[PlyCount "95"]
[EventDate "1998.??.??"]
[EventType "tourn"]
[EventRounds "7"]
[EventCountry "DEN"]
[SourceTitle "EXT 1999"]
[Source "ChessBase"]
[SourceDate "1998.11.10"]

1. d4 d5 2. c4 e6 3. Nc3 Be7 4. Nf3 Nf6 5. Bg5 O-O 6. e3 b6 7. Bd3 dxc4 8. Bxc4
Bb7 9. O-O Nbd7 10. Qe2 Ne4 11. Bf4 c5 12. Rfd1 Nxc3 13. bxc3 Qc8 14. e4 cxd4
15. cxd4 Bxe4 16. Rac1 Qb7 17. Ba6 Bxf3 18. gxf3 Qd5 19. Rc7 Rad8 20. Bb5 Bg5
21. Bc6 Qf5 22. Bg3 Nf6 23. Rxa7 Nd5 24. Qe4 Qxe4 25. fxe4 Nc3 26. Rd3 Ne2+ 27.
Kf1 Nxd4 28. Bd7 e5 29. f4 exf4 30. Rxd4 fxg3 31. hxg3 Ra8 32. Rxa8 Rxa8 33.
Ba4 Kf8 34. Bb3 Ke7 35. Ke2 Rc8 36. Rb4 Rc6 37. Rb5 f6 38. Bd5 Rd6 39. a4 Bc1
40. a5 bxa5 41. Rxa5 Rd7 42. Rb5 Rc7 43. Rb7 Rxb7 44. Bxb7 Ke6 45. Kf3 Ke5 46.
Ba6 h5 47. Bc8 g5 48. Bf5 1/2-1/2

[Event "Sommerskak"]
[Site "Aarhus"]
[Date "1998.07.06"]
[Round "1"]
[White "Johansen, Morten"]
[Black "Rendboe, John Filip"]
[Result "1-0"]
[WhiteElo "2305"]
[BlackElo "2320"]
[PlyCount "91"]
[EventDate "1998.??.??"]
[EventType "tourn"]
[EventRounds "7"]
[EventCountry "DEN"]
[SourceTitle "EXT 1999"]
[Source "ChessBase"]
[SourceDate "1998.11.10"]

1. d4 Nf6 2. c4 e6 3. Nf3 d5 4. Nc3 c5 5. cxd5 cxd4 6. Nxd4 exd5 7. g3 Be7 8.
Bg2 O-O 9. O-O Nc6 10. Bg5 h6 11. Bf4 a6 12. Rc1 Qb6 13. Nxc6 bxc6 14. Na4 Qb5
15. Be3 Bg4 16. Re1 Bb4 17. Nc3 Qb7 18. a3 Bd6 19. Na4 Rfe8 20. Qc2 Rac8 21.
Nb6 Rc7 22. Bc5 Bxc5 23. Qxc5 Rxe2 24. Rxe2 Bxe2 25. Re1 Re7 26. f3 Re8 27. Kf2
Bd3 28. Rxe8+ Nxe8 29. Bh3 Nf6 30. b4 Qc7 31. Qd4 Bg6 32. Bf1 Qa7 33. Qc5 Qb7
34. Bh3 Bd3 35. Qd4 Qa7 36. Ke3 Bb5 37. Qc5 Qc7 38. Kd4 Be2 39. f4 Ne4 40. Nxd5
Qd8 41. Kxe4 cxd5+ 42. Ke3 Bb5 43. Qc8 Qxc8 44. Bxc8 Kf8 45. Kd4 Bc4 46. Bb7
1-0

[Event "Sommerskak"]
[Site "Aarhus"]
[Date "1998.07.11"]
[Round "6"]
[White "Johansen, Morten"]
[Black "Lowenstein, Nicolai"]
[Result "1-0"]
[WhiteElo "2305"]
[BlackElo "2120"]
[PlyCount "117"]
[EventDate "1998.??.??"]
[EventType "tourn"]
[EventRounds "7"]
[EventCountry "DEN"]
[SourceTitle "EXT 1999"]
[Source "ChessBase"]
[SourceDate "1998.11.10"]

1. d4 Nf6 2. c4 g6 3. Nc3 d5 4. cxd5 Nxd5 5. e4 Nxc3 6. bxc3 c5 7. Bc4 Bg7 8.
Ne2 O-O 9. Be3 Nc6 10. Rc1 Qa5 11. O-O Bd7 12. h3 Rad8 13. f4 b5 14. Bd3 Bh6
15. Bf2 cxd4 16. cxd4 Rc8 17. Qb3 a6 18. d5 Nb8 19. e5 Rxc1 20. Rxc1 Rc8 21.
Rxc8+ Bxc8 22. Qc2 Bb7 23. e6 Qd8 24. Be4 Bxd5 25. Bxd5 Qxd5 26. Qc8+ Bf8 27.
Nd4 fxe6 28. Qxb8 Qxa2 29. Qc8 Kf7 30. Nf3 Bh6 31. g3 Qb1+ 32. Kg2 a5 33. Ne5+
Kg7 34. Qe8 Qe4+ 35. Kh2 Qf5 36. Qxe7+ Kg8 37. Qd8+ Kg7 38. Qxa5 g5 39. Qc7+
Kg8 40. Ng4 Bg7 41. Qc8+ Kf7 42. Qd7+ Kf8 43. Qd8+ Kf7 44. fxg5 b4 45. Qd7+ Kg6
46. Qe8+ Qf7 47. Qb5 Bc3 48. Nf6 Bxf6 49. gxf6 Qxf6 50. Qd3+ Kg7 51. Kg2 Qe7
52. Bd4+ Kg8 53. Qe4 Qd6 54. Qg4+ Kf8 55. Qf4+ Ke7 56. Qxd6+ Kxd6 57. Kf3 Kd5
58. Ke3 Kc4 59. Ke4 1-0

[Event "Sommerskak"]
[Site "Aarhus"]
[Date "1998.07.11"]
[Round "6"]
[White "Kastberg, Andreas"]
[Black "Rendboe, John Filip"]
[Result "0-1"]
[WhiteElo "2100"]
[BlackElo "2320"]
[PlyCount "82"]
[EventDate "1998.??.??"]
[EventType "tourn"]
[EventRounds "7"]
[EventCountry "DEN"]
[SourceTitle "EXT 1999"]
[Source "ChessBase"]
[SourceDate "1998.11.10"]

1. e4 c5 2. Nc3 Nc6 3. g3 g6 4. Bg2 Bg7 5. d3 d6 6. Be3 e6 7. Qd2 Rb8 8. f4
Nge7 9. Nf3 Nd4 10. O-O O-O 11. Qf2 Nec6 12. Ne1 b6 13. Nd1 Bb7 14. c3 Nb5 15.
g4 f5 16. gxf5 exf5 17. Nf3 Nc7 18. Qg3 Ne7 19. Nf2 Ne6 20. Rad1 Qe8 21. Ng5
Nxg5 22. Qxg5 Qf7 23. a3 Rfe8 24. Qg3 Rbd8 25. Rfe1 Kh8 26. Rd2 Ng8 27. Bf3 d5
28. exd5 Bxd5 29. Rde2 Nf6 30. Bd2 Kg8 31. Qg2 Bxf3 32. Qxf3 Rxe2 33. Rxe2 Qd7
34. c4 Ng4 35. Be3 Bd4 36. Bxd4 Qxd4 37. Rd2 Re8 38. h3 Re1+ 39. Kg2 Ne3+ 40.
Kh2 Nf1+ 41. Kg2 Nxd2 0-1

[Event "Sommerskak"]
[Site "Aarhus"]
[Date "1998.07.09"]
[Round "4"]
[White "Kastberg, Andreas"]
[Black "Lowenstein, Nicolai"]
[Result "0-1"]
[WhiteElo "2100"]
[BlackElo "2120"]
[PlyCount "66"]
[EventDate "1998.??.??"]
[EventType "tourn"]
[EventRounds "7"]
[EventCountry "DEN"]
[SourceTitle "EXT 1999"]
[Source "ChessBase"]
[SourceDate "1998.11.10"]

1. d4 Nf6 2. Nf3 g6 3. e3 Bg7 4. Bd3 d5 5. O-O O-O 6. Nbd2 c5 7. b3 Nc6 8. Bb2
Qb6 9. c4 cxd4 10. exd4 Bg4 11. c5 Qc7 12. Rc1 Rad8 13. h3 Bxf3 14. Nxf3 Ne4
15. Qe2 f5 16. Rfd1 e6 17. a3 h6 18. b4 a6 19. Rc2 g5 20. Rcc1 Bf6 21. Bb1 Qg7
22. Ne5 Bxe5 23. dxe5 Rf7 24. Bxe4 fxe4 25. Rf1 Rdf8 26. Qg4 Qg6 27. Rcd1 Ne7
28. Qe2 Nf5 29. a4 h5 30. b5 axb5 31. axb5 g4 32. hxg4 hxg4 33. Ra1 Rh7 0-1

[Event "Sommerskak"]
[Site "Aarhus"]
[Date "1998.07.06"]
[Round "1"]
[White "Kastberg, Andreas"]
[Black "Steffensen, Torben"]
[Result "0-1"]
[WhiteElo "2100"]
[BlackElo "2150"]
[PlyCount "70"]
[EventDate "1998.??.??"]
[EventType "tourn"]
[EventRounds "7"]
[EventCountry "DEN"]
[SourceTitle "EXT 1999"]
[Source "ChessBase"]
[SourceDate "1998.11.10"]

1. f4 d5 2. Nf3 Nf6 3. e3 g6 4. b3 Bg7 5. Bb2 O-O 6. Be2 c5 7. O-O Nc6 8. Qe1
d4 9. Bb5 Nb4 10. Na3 a6 11. Be2 Nfd5 12. Rd1 d3 13. Bxg7 dxe2 14. Qxe2 Kxg7
15. c3 Nc6 16. c4 Nf6 17. d4 Qa5 18. Nb1 Bf5 19. d5 Nb8 20. Ng5 Bg4 21. Nf3 Bf5
22. Ne5 Nbd7 23. Nxd7 Bxd7 24. h3 Bf5 25. g4 Bxb1 26. Rxb1 Ne4 27. Rbd1 Rad8
28. Qc2 f5 29. Rd3 Rd6 30. Rfd1 b5 31. Qb2+ Kg8 32. cxb5 axb5 33. a3 Ra8 34.
Qe5 e6 35. gxf5 exf5 0-1

[Event "Sommerskak"]
[Site "Aarhus"]
[Date "1998.07.12"]
[Round "7"]
[White "Lowenstein, Nicolai"]
[Black "Steffensen, Torben"]
[Result "1/2-1/2"]
[WhiteElo "2120"]
[BlackElo "2150"]
[PlyCount "60"]
[EventDate "1998.??.??"]
[EventType "tourn"]
[EventRounds "7"]
[EventCountry "DEN"]
[SourceTitle "EXT 1999"]
[Source "ChessBase"]
[SourceDate "1998.11.10"]

1. d4 d5 2. c4 e6 3. Nc3 Be7 4. Nf3 Nf6 5. Bf4 O-O 6. e3 c6 7. Qc2 Nbd7 8. Bd3
dxc4 9. Bxc4 Nd5 10. Nxd5 exd5 11. Bd3 Nf6 12. O-O h6 13. a3 Nh5 14. Bg3 Nxg3
15. hxg3 Bd6 16. b4 a6 17. Rab1 Qe7 18. Nh4 Re8 19. Rfe1 Bd7 20. Bf5 Bxf5 21.
Nxf5 Qf6 22. Nxd6 Qxd6 23. a4 Re6 24. Rec1 h5 25. b5 axb5 26. axb5 Rh6 27. bxc6
bxc6 28. Rb6 Rc8 29. Qf5 Qe6 30. Qxe6 Rxe6 1/2-1/2

[Event "Sommerskak"]
[Site "Aarhus"]
[Date "1998.07.06"]
[Round "1"]
[White "Lowenstein, Nicolai"]
[Black "Hoiberg, Erling"]
[Result "1-0"]
[WhiteElo "2120"]
[BlackElo "2170"]
[PlyCount "73"]
[EventDate "1998.??.??"]
[EventType "tourn"]
[EventRounds "7"]
[EventCountry "DEN"]
[SourceTitle "EXT 1999"]
[Source "ChessBase"]
[SourceDate "1998.11.10"]

1. d4 Nf6 2. c4 d6 3. Nf3 Nbd7 4. Nc3 e5 5. e4 c6 6. Be2 Be7 7. O-O a6 8. Qc2
O-O 9. Rd1 Qc7 10. h3 b5 11. Be3 Re8 12. Rac1 Bf8 13. d5 b4 14. dxc6 bxc3 15.
cxd7 Bxd7 16. Qxc3 Nxe4 17. Qc2 Bc6 18. b4 f5 19. b5 Bb7 20. Nd2 g6 21. Nxe4
Bxe4 22. Qb3 Kh8 23. b6 Qb7 24. c5 dxc5 25. Bxc5 Bh6 26. Be3 Bxe3 27. Rc7 Qxb6
28. Qf7 Bxf2+ 29. Kf1 Qxc7 30. Qxc7 Bd4 31. Qd6 Kg7 32. Bd3 Bxd3+ 33. Rxd3 Rab8
34. Rb3 Rbc8 35. Rb7+ Kh6 36. Qf6 Rc1+ 37. Ke2 1-0

[Event "Sommerskak"]
[Site "Aarhus"]
[Date "1998.07.08"]
[Round "3"]
[White "Lowenstein, Nicolai"]
[Black "Rewitz, Poul"]
[Result "0-1"]
[WhiteElo "2120"]
[BlackElo "2335"]
[PlyCount "75"]
[EventDate "1998.??.??"]
[EventType "tourn"]
[EventRounds "7"]
[EventCountry "DEN"]
[SourceTitle "EXT 1999"]
[Source "ChessBase"]
[SourceDate "1998.11.10"]

1. d4 Nf6 2. Nf3 g6 3. c4 Bg7 4. Nc3 d5 5. Bg5 Ne4 6. cxd5 Nxg5 7. Nxg5 O-O 8.
Nf3 c6 9. dxc6 Nxc6 10. e3 Qb6 11. Qb3 Nb4 12. Be2 Be6 13. Qd1 Rac8 14. O-O
Nxa2 15. Nxa2 Qxb2 16. Rb1 Qxa2 17. Rxb7 a5 18. Bd3 Rc3 19. Bb1 Qa3 20. Qd2
Rfc8 21. Rb2 Bb3 22. h4 a4 23. Ng5 e5 24. d5 e4 25. Nxe4 R3c4 26. Rxb3 axb3 27.
d6 Rc1 28. d7 Rxf1+ 29. Kxf1 Rd8 30. h5 Qa6+ 31. Bd3 Qa1+ 32. Ke2 Rxd7 33. Nc5
Rd8 34. Nxb3 Qa4 35. Qa5 Qg4+ 36. Kd2 Rc8 37. hxg6 hxg6 38. Ba6 0-1

[Event "Sommerskak"]
[Site "Aarhus"]
[Date "1998.07.10"]
[Round "5"]
[White "Rendboe, John Filip"]
[Black "Rewitz, Poul"]
[Result "1/2-1/2"]
[WhiteElo "2320"]
[BlackElo "2335"]
[PlyCount "99"]
[EventDate "1998.??.??"]
[EventType "tourn"]
[EventRounds "7"]
[EventCountry "DEN"]
[SourceTitle "EXT 1999"]
[Source "ChessBase"]
[SourceDate "1998.11.10"]

1. c4 g6 2. d4 Nf6 3. Nc3 d5 4. cxd5 Nxd5 5. Bd2 Bg7 6. e4 Nxc3 7. Bxc3 O-O 8.
Nf3 c5 9. Be2 Bg4 10. d5 Nd7 11. O-O Qb8 12. Qb3 Bh6 13. Rae1 Rc8 14. h3 Bxf3
15. Bxf3 b5 16. e5 b4 17. e6 bxc3 18. exd7 Rd8 19. d6 exd6 20. Bxa8 Qxa8 21.
Re7 d5 22. Qxc3 Bf8 23. Rfe1 Qc6 24. Re8 Qxd7 25. Qe5 Rxe8 26. Qxe8 Qd6 27. Qe5
Qc6 28. Qb8 c4 29. Qxa7 Bc5 30. Qb8+ Kg7 31. Qe5+ f6 32. Qe6 Qb7 33. Qe2 Qa6
34. b3 Qa5 35. bxc4 dxc4 36. Rd1 c3 37. Rd7+ Kh6 38. Qc2 Qa3 39. Rd3 Bb4 40. h4
Qa5 41. Qe2 Qc5 42. Qc2 Qf5 43. Rxc3 Bxc3 44. Qxc3 Qb1+ 45. Kh2 Qxa2 46. Qxf6
Qa8 47. f3 Qb8+ 48. Kh3 Qc8+ 49. g4 Qxg4+ 50. fxg4 1/2-1/2

[Event "Sommerskak"]
[Site "Aarhus"]
[Date "1998.07.07"]
[Round "2"]
[White "Rendboe, John Filip"]
[Black "Lowenstein, Nicolai"]
[Result "1/2-1/2"]
[WhiteElo "2320"]
[BlackElo "2120"]
[PlyCount "162"]
[EventDate "1998.??.??"]
[EventType "tourn"]
[EventRounds "7"]
[EventCountry "DEN"]
[SourceTitle "EXT 1999"]
[Source "ChessBase"]
[SourceDate "1998.11.10"]

1. d4 d5 2. c4 c6 3. cxd5 cxd5 4. Nc3 Nc6 5. e4 e6 6. e5 Bd7 7. Nf3 Qb6 8. Be2
f6 9. O-O Nge7 10. exf6 gxf6 11. Re1 Ng6 12. a3 Bd6 13. b4 a5 14. bxa5 Qxa5 15.
Bd2 Qd8 16. Bh6 Kf7 17. Nb5 Bb8 18. Qd2 Nce7 19. Qb4 Nf5 20. Bd2 Bc6 21. Bd3
Nd6 22. Nc3 Re8 23. h4 Qc7 24. h5 Ne7 25. Bf4 Qd7 26. Bxh7 Rh8 27. Qb1 Ne4 28.
Bg6+ Nxg6 29. hxg6+ Kxg6 30. Bxb8 Raxb8 31. Nd2 Qh7 32. Kf1 Kf7 33. Ndxe4 dxe4
34. Ke2 Qh5+ 35. Kd2 Qg5+ 36. Re3 Rbd8 37. Ne2 Qxg2 38. Qg1 Qxg1 39. Rxg1 Rhg8
40. Rxg8 Rxg8 41. Rb3 f5 42. Ke3 Kf6 43. Rc3 Rh8 44. Kf4 Rh4+ 45. Kg3 Kg5 46.
Rc5 Bd5 47. Nc3 Rg4+ 48. Kh3 Bc6 49. d5 exd5 50. Nxd5 Bxd5 51. Rxd5 Kf4 52. Rb5
Rg5 53. Rb3 Rg7 54. a4 Rd7 55. Kg2 Rd4 56. Rxb7 Rxa4 57. Re7 Ra2 58. Re8 Re2
59. Ra8 Kg4 60. Rg8+ Kf4 61. Ra8 Ke5 62. Re8+ Kf6 63. Kg3 Rb2 64. Rf8+ Kg6 65.
Rg8+ Kf7 66. Ra8 Rb3+ 67. Kg2 Kf6 68. Rf8+ Ke5 69. Re8+ Kf4 70. Ra8 Rb2 71. Re8
Rb6 72. Rg8 Ke5 73. Re8+ Re6 74. Ra8 Rg6+ 75. Kf1 f4 76. Ra5+ Kf6 77. Ra8 Rg5
78. Ra6+ Kf5 79. Ra8 Kg4 80. f3+ Kg3 81. fxe4 f3 1/2-1/2

[Event "Sommerskak"]
[Site "Aarhus"]
[Date "1998.07.12"]
[Round "7"]
[White "Rewitz, Poul"]
[Black "Kastberg, Andreas"]
[Result "1-0"]
[WhiteElo "2335"]
[BlackElo "2100"]
[PlyCount "73"]
[EventDate "1998.??.??"]
[EventType "tourn"]
[EventRounds "7"]
[EventCountry "DEN"]
[SourceTitle "EXT 1999"]
[Source "ChessBase"]
[SourceDate "1998.11.10"]

1. e4 g6 2. d4 Bg7 3. Nc3 d6 4. Be3 c6 5. Qd2 Nd7 6. O-O-O b5 7. e5 d5 8. h4
Nb6 9. h5 gxh5 10. Nh3 Bxh3 11. Rxh3 Qd7 12. Rxh5 e6 13. g4 a5 14. Bd3 Ne7 15.
Rdh1 b4 16. Nb1 Nc4 17. Bxc4 dxc4 18. Rxh7 Rg8 19. Qe2 Qd5 20. Nd2 c3 21. Nc4
cxb2+ 22. Kxb2 Rb8 23. Qd3 a4 24. Nd6+ Kf8 25. Qe4 a3+ 26. Kb1 b3 27. Qxd5
bxc2+ 28. Kxc2 Rb2+ 29. Kd3 Nxd5 30. Nc4 Rxa2 31. Rb1 Nc7 32. Rb8+ Ne8 33. Bc1
Ke7 34. Bxa3+ Kd7 35. Bd6 Nxd6 36. Rxg8 Nxc4 37. Kxc4 1-0

[Event "Sommerskak"]
[Site "Aarhus"]
[Date "1998.07.09"]
[Round "4"]
[White "Rewitz, Poul"]
[Black "Hoiberg, Erling"]
[Result "1-0"]
[WhiteElo "2335"]
[BlackElo "2170"]
[PlyCount "59"]
[EventDate "1998.??.??"]
[EventType "tourn"]
[EventRounds "7"]
[EventCountry "DEN"]
[SourceTitle "EXT 1999"]
[Source "ChessBase"]
[SourceDate "1998.11.10"]

1. e4 c6 2. c4 e5 3. Nc3 d6 4. d4 Nd7 5. f4 exd4 6. Qxd4 Ngf6 7. Nf3 Qb6 8.
Qxb6 axb6 9. Bd3 Nc5 10. Bc2 Bg4 11. O-O Bxf3 12. Rxf3 O-O-O 13. b4 Ne6 14. Be3
Nd7 15. Na4 c5 16. a3 Be7 17. Rd1 g5 18. fxg5 Ne5 19. Nxb6+ Kb8 20. Rg3 Rdg8
21. bxc5 dxc5 22. Nd7+ Nxd7 23. Rxd7 Re8 24. Bf2 Kc8 25. Ba4 Nxg5 26. Rxe7 Rxe7
27. Rxg5 b6 28. Bc6 Ra7 29. a4 Rd8 30. h4 1-0

[Event "Sommerskak"]
[Site "Aarhus"]
[Date "1998.07.07"]
[Round "2"]
[White "Rewitz, Poul"]
[Black "Johansen, Morten"]
[Result "1-0"]
[WhiteElo "2335"]
[BlackElo "2305"]
[PlyCount "97"]
[EventDate "1998.??.??"]
[EventType "tourn"]
[EventRounds "7"]
[EventCountry "DEN"]
[SourceTitle "EXT 1999"]
[Source "ChessBase"]
[SourceDate "1998.11.10"]

1. e4 d5 2. exd5 Qxd5 3. Nc3 Qa5 4. Be2 Nf6 5. Nf3 c6 6. h3 Bf5 7. O-O e6 8. d4
Bb4 9. Nh4 Bg6 10. Nxg6 hxg6 11. Qd3 Nbd7 12. Bf4 O-O 13. Ne4 Qf5 14. Bd6 Bxd6
15. Nxd6 Qxd3 16. Bxd3 Rab8 17. Rfd1 Rfd8 18. Nc4 Nb6 19. c3 Nxc4 20. Bxc4 b6
21. Be2 c5 22. dxc5 bxc5 23. Rxd8+ Rxd8 24. Rd1 Rb8 25. Rd2 Kf8 26. Bf3 Ke7 27.
Kf1 Nd7 28. Ke1 Nb6 29. b3 g5 30. Kd1 a5 31. Kc2 f5 32. a3 Rd8 33. Rxd8 Kxd8
34. a4 Kc7 35. b4 axb4 36. cxb4 Nxa4 37. Kb3 Nb6 38. bxc5 Nd7 39. Kc4 g4 40.
hxg4 fxg4 41. Bd1 Ne5+ 42. Kd4 Nc6+ 43. Ke4 Nb4 44. Bxg4 Kc6 45. Kd4 Nc2+ 46.
Kc4 Na3+ 47. Kb3 Nb1 48. Kb4 Nd2 49. Bf3+ 1-0

[Event "Sommerskak"]
[Site "Aarhus"]
[Date "1998.07.09"]
[Round "4"]
[White "Steffensen, Torben"]
[Black "Rendboe, John Filip"]
[Result "1-0"]
[WhiteElo "2150"]
[BlackElo "2320"]
[PlyCount "121"]
[EventDate "1998.??.??"]
[EventType "tourn"]
[EventRounds "7"]
[EventCountry "DEN"]
[SourceTitle "EXT 1999"]
[Source "ChessBase"]
[SourceDate "1998.11.10"]

1. d4 d5 2. c4 e6 3. Nc3 Be7 4. Nf3 Nf6 5. Bg5 O-O 6. Rc1 h6 7. Bxf6 Bxf6 8. e3
c6 9. Bd3 Nd7 10. O-O dxc4 11. Bxc4 e5 12. h3 exd4 13. exd4 Nb6 14. Bb3 Bf5 15.
Re1 Nd5 16. Nxd5 cxd5 17. Ne5 Qd6 18. Rc5 Be4 19. f3 Bxe5 20. fxe4 Bh2+ 21. Kh1
dxe4 22. Rxe4 Bg3 23. Qf3 Qg6 24. Qg4 Qxg4 25. Rxg4 Bd6 26. Rd5 Rad8 27. Re4
Kh8 28. Kg1 f5 29. Re6 Bg3 30. Re3 Rxd5 31. Bxd5 f4 32. Rc3 g5 33. Bxb7 Rf6 34.
Rc8+ Kg7 35. Rc7+ Kf8 36. Rc8+ Ke7 37. Rc6 Rf5 38. Rxh6 Rb5 39. b3 Rb4 40. Kf1
Rxd4 41. Ke2 Kd7 42. Bf3 Kc7 43. Rc6+ Kb8 44. Rc5 Bh4 45. Rb5+ Kc8 46. Rb7 Rd7
47. Rb5 Rd6 48. Rc5+ Kb8 49. Bd5 Bg3 50. Kf3 Rf6 51. Kg4 Bh4 52. a4 Rd6 53. Kf5
Rd8 54. Ke6 Bf2 55. Rb5+ Kc8 56. Bf3 Rd3 57. Bd5 Rc3 58. Bc4 Rg3 59. Kd6 Bb6
60. Rf5 Bc7+ 61. Kc6 1-0

[Event "Sommerskak"]
[Site "Aarhus"]
[Date "1998.07.07"]
[Round "2"]
[White "Steffensen, Torben"]
[Black "Hoiberg, Erling"]
[Result "1/2-1/2"]
[WhiteElo "2150"]
[BlackElo "2170"]
[PlyCount "157"]
[EventDate "1998.??.??"]
[EventType "tourn"]
[EventRounds "7"]
[EventCountry "DEN"]
[SourceTitle "EXT 1999"]
[Source "ChessBase"]
[SourceDate "1998.11.10"]

1. e4 c6 2. d4 d5 3. e5 g6 4. Nf3 Bg7 5. h3 c5 6. c3 Nc6 7. Be2 Bf5 8. O-O h5
9. Re1 Qd7 10. Be3 Nh6 11. a3 a6 12. dxc5 Nxe5 13. Nxe5 Bxe5 14. Bf3 Be4 15.
Bxh6 Rxh6 16. Bxe4 dxe4 17. Qxd7+ Kxd7 18. Rxe4 Bf6 19. Nd2 Kc6 20. Nb3 a5 21.
a4 Kd5 22. f3 Rhh8 23. Rd1+ Kc6 24. Kf1 Rhb8 25. Rd3 g5 26. g4 hxg4 27. fxg4
Rh8 28. Kg2 Rhb8 29. Kf2 Rh8 30. Kg2 Rhb8 31. Rc4 Rc8 32. Rd1 Be5 33. Re4 Bf6
34. Re2 Rcb8 35. Rf2 Re8 36. Rf5 Ra6 37. Rd3 Kc7 38. Rfd5 Re6 39. Rd2 Ra8 40.
Rd7+ Kc6 41. Kf2 Re4 42. Rd8 Rxd8 43. Rxd8 Rxa4 44. Ra8 Ra2 45. Nxa5+ Kb5 46.
c4+ Kb4 47. Nc6+ Kb3 48. Rxa2 Kxa2 49. Nd8 Kb3 50. Nxb7 Kxc4 51. c6 Bd4+ 52.
Kf3 Bb6 53. Ke4 Bc7 54. b4 Kxb4 55. Kd5 e6+ 56. Kd4 Kb5 57. Nc5 Kxc6 58. Ne4
Bf4 59. Nf6 Kd6 60. Ne4+ Ke7 61. Nc3 Kf6 62. Ne4+ Kg6 63. Nc5 Bh2 64. Ke4 f5+
65. gxf5+ exf5+ 66. Kf3 Kh5 67. Kg2 Bd6 68. Ne6 Be5 69. Nc5 Kh4 70. Nd7 Bg7 71.
Nc5 Bc3 72. Nd7 f4 73. Nc5 f3+ 74. Kxf3 Kxh3 75. Ne4 g4+ 76. Kf4 Bd4 77. Ng5+
Kh4 78. Nf3+ gxf3 79. Kxf3 1/2-1/2